| 000 | 01802nam0a2200349 4500 | ||
|---|---|---|---|
| 001 | RU\NLR\bibl\542709 | ||
| 005 | 20260407102508.0 | ||
| 010 |
_a5-86328-597-4 _9150 |
||
| 021 |
_aRU _b2004-37137 _91861 |
||
| 035 | _a(NLR Aleph) 000534941 | ||
| 090 |
_a1376706 _c1376706 |
||
| 100 | _a20040802d2004 |||y0rusy50 ca | ||
| 101 | 0 | _arus | |
| 102 | _aRU | ||
| 105 | _aa ||||||||| | ||
| 200 | 1 |
_aПсихология родительства и семейного воспитания _eСб. науч. тр. II Междунар. науч.-практ. конф., 15-16 апр. 2004 г. _f[Науч. ред.: д.психол.н., проф., действ. чл. Акад. пед. и соц. наук Р.В. Овчарова] |
|
| 210 |
_aКурган _cИзд-во Кург. гос. ун-та _d2004 |
||
| 215 |
_a173 с. _cил. _d29 |
||
| 300 | _aВ надзаг.: М-во образования и науки Рос. Федерации, Кург. гос. ун-т | ||
| 320 | _aБиблиогр. в конце докл. | ||
| 606 | 0 |
_aВоспитание _jСъезды, совещания и т.п. _xПсихологические вопросы _91335199 _3RU\NLR\auth\66240982 |
|
| 606 | 0 |
_aДети и родители _jСъезды, совещания и т.п. _xПсихологическая служба _92100863 _3RU\NLR\auth\661270599 |
|
| 686 | _aЮ984.01я431 | ||
| 686 | _aС550.325я431 | ||
| 702 | 1 |
_4340 _7ca _8rus _aОвчарова _bР. В. _f1945- _gРаиса Викторовна _9261420 _3RU\NLR\AUTH\770261476 |
|
| 712 | 0 | 2 |
_4570 _aКурганский государственный университет _3RU\NLR\AUTH\889930522 _9356586 |
| 801 | 0 |
_aRU _bNLR _c20040802 _gPSBO |
|
| 801 | 1 |
_aRU _bNLR _c20040802 |
|
| 942 | _cBOOK | ||
| 980 | _aNB | ||